00413nam a2200157Ia 4500100001400000250000600014942000700020654001600027245003200043260003900075082001300114300000800127546001200135999001700147952009100164 aTan/S.T.  a5 cBK amathematics aApplied Finite Mathematics bBrooks/cole Pub CoaNew yorkc1997 a510bTAN a674 aENGLISH c29882d29882 001040708CRCaCRCEbCRCEd2023-03-17l0o510 TANp10074r2023-03-17w2023-03-17yBK